Top 10 Countries With the Highest Personal Security - Statistics

General Stats
  • This quiz has been taken 146 times
  • The average score is 6 of 10
Answer Stats
Safety Score (out of 10) Country % Correct
4 9.7 Canada
84%
5 9.6 Australia
80%
3 9.8 United Kingdom
79%
8 9.3 New Zealand
72%
1 9.9 Japan
68%
7 9.4 Ireland
61%
9 9.3 Finland
58%
6 9.5 South Korea
56%
2 9.8 Poland
29%
10 9.3 Czech Republic
23%
No matching quizzes found
Score Distribution
Percent of People with Each Score
Percentile by Number Answered
Your Score History
You have not taken this quiz